00383nam a2200121 a 45000010005000000030005000050050017000100080041000270400020000681100059000882450087001472600027002342426CDMR20151016133602.0130130s2002||||||||||||||||||||||||||||d aCDMRbcatcCDMR2 aAssociació de Publicacions Periòdiques en Català10aLarevista de les revistesb: comunicació en català : una galaxia en creixement aBarcelonac2002bAPPEC